=LDR 00000nam 2200000 4500 =001 INLIS000000000049326 =005 20170209091314.0 =006 =007 =008 =020 ##$$a 978-979-3703-67-1 =035 ##$$0010-021700000000118 =040 ##$$a NBPDMAT =082 ##$$a 912.959 848 =090 ##$$a 912.959 848 $bAch a =100 ##$$a Achmad Chaldun =245 ##$$a Atlas tematik provinsi Sulawesi Tenggara $b: Administrasi, Sosial Budaya, Transportasi dan Perdagangan - Sumber daya Alam $c/ Achmad Chaldun; Achmad Rusdi =250 ##$$a Cet. 1 =260 ##$$a Surabaya $b Karya Pembina Swajaya $c 2007 =300 ##$$a 67 hlm. : $b ilus. ; $c 31 cm =500 ##$$a Indeks hlm : 65 - 67 =650 ##$$a Atlas Sulawesi Tenggara =700 ##$$a Achmad Rusdi =850 ##$$a NBPDMAT =990 ##$$a 21606039 =990 ##$$a 21606040 =990 ##$$a 21606041 =990 ##$$a 21606041